000 00717nam a22002177a 4500
999 _c164497
_d164497
005 20190522102719.0
010 _aENG-125253
020 _a9789386725653
_c700.00
035 _aEN-108785
037 _bDBAD/PUB
082 _a3723.21
100 _aVenkatachary P.
245 _aEarly childhood care and education /
_cby P.Venkatachary , K. Srinivas Reddy [and] K. Sridevi
260 _aNew Delhi
_bNeelkamal Publications
_c2018
270 _a4764/1, 23, Ansari Road
_bDaryaganj, New Delhi
_e110002
_k011-23244237
_mneelkamalbooks@gmail.com
300 _ax,190p.
_c25cm(Hb)
500 _aIncludes index
700 _aSrinivas Reddy K.
700 _aSridevi K.
942 _2ddc
_cEN
_h372.21
_mVEN